| 000 | 00472cam a2200193ua 4500 | ||
|---|---|---|---|
| 001 | 10371 | ||
| 008 | 180804n ii |||gr||||Z||||||hin | ||
| 020 | _a9780143425083 | ||
| 040 | _cMAIN | ||
| 041 | _ahin | ||
| 082 | _a891.43 | ||
| 245 |
_aAaruchi _cBy Abiruk Sen |
||
| 260 |
_aGurgaon: _bPenguin books, _c2015. |
||
| 300 | _a332p. | ||
| 653 | _aHindi prose | ||
| 700 |
_aTiwari, Sushil Chandra, _eTranslator., |
||
| 700 |
_aBhatnagar, Anup, _eTranslator. |
||
| 942 | _cBK | ||
| 999 |
_c9361 _d9361 |
||